[Event "Doha 2006"]
[Site "Doha"]
[Date "2006.12.14"]
[Round "9"]
[White "(JPN) Nakagawa Emiko"]
[Black "(SRI) Methmali Yasoda"]
[Result "0-1"]
[WhiteElo "1933"]
[BlackElo "1895"]
[PlyCount "74"]
[EventDate "2006.??.??"]
[WhiteTeam "Japan"]
[BlackTeam "Sri Lanka"]
[WhiteTeamCountry "JPN"]
[BlackTeamCountry "SRI"]

1. d4 Nf6 2. Nf3 e6 3. g3 c5 4. e3 b6 5. Bg2 Bb7 6. O-O Nc6 7. Nbd2 g6 8. b3
Bg7 9. Bb2 O-O 10. c4 Qc7 11. a3 Rfd8 12. Qc2 cxd4 13. exd4 Rac8 14. Rac1 Ne7
15. Qb1 Qb8 16. b4 d5 17. c5 Ne4 18. Rcd1 Ba6 19. Rfe1 bxc5 20. Nxe4 dxe4 21.
Rxe4 cxb4 22. Re3 Nd5 23. Ree1 Nc3 24. Bxc3 bxc3 25. Qxb8 Rxb8 26. Rc1 Rbc8 27.
Bf1 Bb7 28. Bg2 Bh6 29. Rc2 Bd5 30. Ne5 Bb3 31. Be4 Bxc2 32. Bxc2 Rxd4 33. Nf3
Rd2 34. Nxd2 cxd2 35. Rd1 Rxc2 36. Kf1 Rc1 37. Ke2 e5 0-1